00478nam a2200157 a 450000100100000000500170001000800410002704000250006808200160009310000200010924500680012926000550019730000200025249000240027283000240029600003378120200930070520.0110909s1977 dr 000 0 spa d aDO-SdBNPbspacBNPHU axxxxbC322m1 aCartaña, Luis10aCanciones olvidadas :b(Chansons oubliées) /cLuis Cartaña. aMayaguez, Puerto Rico :bNational Printers,c1977. a24 p. ;c21 cm.1 aJardín de espejos 0aJardín de espejos